[Event "Barcelona Sant Marti op 05th"]
[Site "Barcelona"]
[Date "2003.05.10"]
[Round "3.15"]
[White "Amoros Aguilar, Luis"]
[Black "Perez de Villar Framil, Antonio"]
[Result "1/2-1/2"]
[WhiteElo "2210"]
[BlackElo "1885"]
[PlyCount "34"]
[EventDate "2003.04.26"]
[EventType "swiss"]
[EventRounds "9"]
[EventCountry "ESP"]
[SourceTitle "EXT 2004"]
[Source "ChessBase"]
[SourceDate "2003.11.25"]
[SourceVersion "1"]
[SourceVersionDate "2003.11.25"]
[SourceQuality "1"]

1. e4 e5 2. f4 Nc6 3. Nf3 exf4 4. Bc4 Bc5 5. d4 Bb6 6. Bxf4 Qf6 7. Bg5 Qg6 8. 0-0 Nf6 9. Bxf6 gxf6 10. c3 Rg8 11. Qe2 d6 12. Nbd2 Bh3 13. Nh4 Qg5 14. Ndf3 Qa5 15. Kh1 Bg4 16. a4 a6 17. Nf5 0-0-0 1/2-1/2

[Event "Barcelona Sant Marti op 04th"]
[Site "Barcelona"]
[Date "2002.05.11"]
[Round "6.4"]
[White "Amoros Aguilar, Luis"]
[Black "Romero Gracia, Francisco"]
[Result "1/2-1/2"]
[WhiteElo "2000"]
[BlackElo "2030"]
[PlyCount "61"]
[EventDate "2002.04.06"]
[EventType "swiss"]
[EventRounds "9"]
[EventCountry "ESP"]
[SourceTitle "EXT 2003"]
[Source "ChessBase"]
[SourceDate "2002.11.25"]
[SourceVersion "1"]
[SourceVersionDate "2002.11.25"]
[SourceQuality "1"]

1. e4 e6 2. Nf3 c5 3. Nc3 Nc6 4. d4 cxd4 5. Nxd4 Nge7 6. Be2 Nxd4 7. Qxd4 Nc6 8. Qd1 Bb4 9. 0-0 0-0 10. Be3 b6 11. f4 Bxc3 12. bxc3 d5 13. Bf3 Ne7 14. exd5 Nxd5 15. Bd4 Rb8 16. Be5 Ba6 17. Bxd5 Bxf1 18. Qg4 g6 19. Bxe6 Rb7 20. Bb3 Bb5 21. f5 Bd7 22. Qh3 Qg5 23. Qf3 Bxf5 24. Qxb7 Qe3+ 25. Kh1 Qxe5 26. Qxa7 Qxc3 27. Rf1 Qe3 28. Qa6 Rd8 29. Qb7 Rd7 30. Qc8+ Kg7 31. Qc4 1/2-1/2

[Event "Barcelona op-B"]
[Site "Barcelona"]
[Date "1998.??.??"]
[Round "6"]
[White "Amoros Aguilar, Luis"]
[Black "Xipell Ortoneda, V."]
[Result "0-1"]
[WhiteElo "1975"]
[BlackElo "2020"]
[PlyCount "120"]
[EventDate "1998.??.??"]
[EventType "swiss"]
[EventRounds "8"]
[EventCountry "ESP"]
[SourceTitle "EXT 2019"]
[Source "ChessBase"]
[SourceDate "2018.10.10"]
[SourceVersion "1"]
[SourceVersionDate "2018.10.10"]
[SourceQuality "1"]

1. e4 e5 2. Nf3 Nf6 3. Nxe5 d6 4. Nf3 Nxe4 5. Nc3 Nxc3 6. bxc3 Be7 7. Be2 Bg4 8. 0-0 0-0 9. Bb2 Bf6 10. Re1 Nc6 11. d4 Ne7 12. h3 Be6 13. Bd3 d5 14. Ba3 Re8 15. Qd2 Ng6 16. Rab1 Rb8 17. Kh2 c6 18. g3 b6 19. Ng1 Qc7 20. f4 Be7 21. Bc1 Bd6 22. Nf3 f6 23. Qg2 Bf7 24. Bd2 Rxe1 25. Rxe1 Re8 26. Rxe8+ Bxe8 27. c4 Bf7 28. Qe2 Qe7 29. Qxe7 Nxe7 30. cxd5 Bxd5 31. Ng1 Bxa2 32. c4 Bb3 33. Be3 a5 34. Ne2 Bb4 35. Nc1 Bd1 36. Kg2 Kf8 37. Na2 Bd6 38. Kf2 Bb3 39. Nc1 Bd1 40. Na2 Bb3 41. Nc1 Ba4 42. Bd2 Bc7 43. Na2 g6 44. g4 Nc8 45. Nc3 Bb3 46. Ne4 Bd8 47. Bc1 Be7 48. Nd2 Ba2 49. Ke1 Bb4 50. Kd1 Nd6 51. Ne4 Nxe4 52. Bxe4 Bb3+ 53. Bc2 Bxc4 54. Bb2 Bd5 55. h4 b5 56. f5 Kg7 57. g5 fxg5 58. hxg5 gxf5 59. Bxf5 a4 60. Kc1 Be7 0-1